Le monde grec archaïque (VIIIᵉ–VIᵉ siècle av. J.-C.) - Statistiques

Statistiques générales
  • Ce quiz a été pris 27 fois
  • Le résultat moyen est 12 sur 21
Statistiques - réponses
Question Réponse % Correct
Comment s’appelle le soldat lourdement armé du VIIᵉ siècle av. J.-C. ? Le hoplite
95%
Quel mot dérive directement de polis ? Politique
84%
Que désigne le mot “tyran” dans la Grèce archaïque ? Un dirigeant unique s’imposant au pouvoir
84%
Que vise l’écriture des lois dans la cité grecque ? Éviter les abus aristocratiques
79%
Quelles sont les trois institutions principales de la polis ? Demos, boulé, archai
74%
D’où vient l’alphabet grec ? Du système phénicien
68%
Comment s’appelle le type d’écriture alternant le sens des lignes ? En boustrophédon
68%
Dans la cité grecque, quel rôle joue la guerre ? Un moyen d’affirmer la citoyenneté
68%
Quelle innovation économique accompagne ces transformations politiques ? L’apparition de la monnaie
63%
La polis(cité) comprend : Une ville et son territoire
63%
Que stipule la loi de Dréros (la plus ancienne loi écrite grecque) ? La rotation des magistratures
58%
À quelle époque environ l’alphabet grec apparaît-il ? VIIIᵉ siècle av. J.-C.
58%
Quelle sanction prévoit la loi de Dréros en cas de violation ? La perte des droits civiques
53%
Quelle est la principale innovation de l’alphabet grec par rapport au phénicien ? L’introduction des voyelles
53%
Quelle fonction la tyrannie a-t-elle souvent eue ? Favoriser une transition politique
47%
Que symbolise la monnaie dans le monde grec ? La stabilité et la valeur commune
47%
Quelle cité adopte officiellement l’alphabet ionien au Ve siècle ? Athènes
42%
Quel principe guide l’organisation des magistratures grecques ? La collégialité et la rotation
42%
Sur quel objet trouve-t-on la plus ancienne inscription grecque connue ? La coupe de Nestor
42%
Quel poète spartiate glorifie la bravoure des hoplites ? Tyrtée
32%
Comment appelle-t-on le rédacteur de lois grec ? Nomothète
26%
Aucun quiz correspondant
Distribution des résultats
% des personnes avec chaque résultat
Percentile par nombre de réponses
Votre historique - résultats
Vous n’avez pas pris ce quiz